01482 a2200241 4500003000400000005001700004008004100021020001800062100002300080245002200103250001200125260002700137300001000164520072400174650003600898650004100934650003100975650004201006650003201048942001201080999001901092952012901111OSt20251208152144.0251208b |||||||| |||| 00| 0 eng d a9784842005519 aHetland M.9215700 aPython Algorithms a2nd Ed. bApressc2014aNew York a295pp aPython Algorithms, Second Edition explains the Python approach to algorithm analysis and design. Written by Magnus Lie Hetland, author of Beginning Python, this book is sharply focused on classical algorithms, but it also gives a solid understanding of fundamental algorithmic problem-solving techniques. The book deals with some of the most important and challenging areas of programming and computer science in a highly readable manner. It covers both algorithmic theory and programming practice, demonstrating how theory is reflected in real Python programs. Well-known algorithms and data structures that are built into the Python language are explained, and the user is shown how to implement and evaluate others.01aWhat’s All This, Then921574202aSome Core Ideas in Computing921574303aThe Skinny on Sums921574404aFinding a Maximum Permutation921574505aTopological Sorting9215746 cBK2ddc c369319d369319 00102ddc40708MCAa001b001d2025-12-06e8g7979.25l0pKBJP-BK-2884r2025-12-06 00:00:00v10639.00w2025-12-06yBKz2884